00645nam a2200217Ia 4500008004100000020001600041050000800057050001000065100001700075245002200092245004400114260002000158260002100178260000900199300001500208300002500223650001700248700002700265999001900292952011600311170203s9999 xx 000 0 und d a0-721415776 aFic bH937r aHunia, Fran. aRed Riding Hood / cby Fran Hunia ; il. by Kathie Layfield. aLoughborough :  bLadybird books,  c1993 a44 pages : bcolor illustrations. aFairy tales. aLayfield, Kathie. Ill. c306665d306665 001040aSSISBbSSISBcGS FICTIONd2017-02-03l0oFic .H937r 1993pLS-0738r2017-02-03 00:00:00w2017-02-03yBK